000 00930nam a22002417a 4500
999 _c18650
_d18650
003 AR-CdUCM
008 190514b ||||| |||| 00| 0 spa d
040 _aMUNICIPALIDAD PROVINCIAL DEL CUSCO
_cBIBLIOTECA MUNICIPAL DEL CUSCO
041 _heng
082 _a364.12 /
_bP77
100 _aPoole, Lynn
_93269
245 _aLa ciencia es el mejor detective /
260 _aBarcelona :
_bRamón Sopena,
_c1960.
300 _a198 páginas ;
_bilustraciones,
_c21 cm.
505 _aContenido: La ciencia en lucha contra el crimen -- La clave en un tubo de ensayo -- Responda sí o no -- Líneas del crimen -- Revelando secretos -- La caja fuerte vacía ...
650 _aCriminalística
_931854
650 _aInvestigación criminal
_939362
650 _aCiencia
_92098
700 _aPostigo, Luis (traducción)
_939363
700 _aGeary, Clifford N. (ilustraciones)
_921059
942 _2ddc
_cLIBROS
945 _aachl
_d2019-05-14